Lecciones del desarrollo en democracia: el caso de Chile en el gobierno de Patricio Aylwin

Salvato in:
Dettagli Bibliografici
Autore principale: Foxley, Rioseco, Alejandro (Autore)
Natura: Libro
Lingua:spagnolo
Pubblicazione: Santiago CIEPLAN 2016
Edizione:1a. ed
Soggetti:
Tags: Aggiungi Tag
Nessun Tag, puoi essere il primo ad aggiungerne!!

MARC

LEADER 00000cam a2200000 a 4500
001 UCD7238
003 CL-VaPUC
008 170317e20160000cl |||||||||||||||||spa|d
020 |a 9789562040600 
082 0 4 |a 338.983  |b FOX  |2 21 
100 0 |a Foxley, Rioseco, Alejandro  |e author  |9 591190 
245 1 0 |a Lecciones del desarrollo en democracia: el caso de Chile en el gobierno de Patricio Aylwin 
250 |a 1a. ed 
300 |a 56 p 
942 |c BK 
945 |d 20170317 22:16:00  |a dcastane 
260 |a Santiago  |b CIEPLAN  |c 2016 
650 0 |a Desarrollo económico y social   |9 256320 
650 0 |a Democracia  |9 255256 
650 0 |a Política económica   |9 255029 
583 |a last modification  |c 20170317 22:16:00  |k Rodrigo Vera 
999 |c 367302  |d 367300 
952 |0 0  |1 0  |3 erb  |4 0  |6 338_983000000000000_FOX_2016  |7 0  |8 A  |9 482126  |a BIBGIM  |b BIBGIM  |i 5381452  |o 338.983 FOX 2016  |p 5381452  |r 2025-01-15  |w 2019-11-24  |y BK  |z Catalogado en:20170317  |k GIM